Estudios sobre I y II Tesalonicenses
Saved in:
| Hovedforfatter: | |
|---|---|
| Format: | Bog |
| Sprog: | spansk |
| Udgivet: |
Clie.
1988.
|
| Fag: | |
| Tags: |
Tilføj Tag
Ingen Tags, Vær først til at tagge denne postø!
|
MARC
| LEADER | 00000nam a22000005a 4500 | ||
|---|---|---|---|
| 001 | 1652 | ||
| 003 | CL-ChBUA | ||
| 005 | 20170829105947.0 | ||
| 007 | ta | ||
| 008 | 070301s1988 sp 000 0 spa | ||
| 020 | |a 8476452926 | ||
| 040 | |a CL-ChBUA |c CL-ChBUA |e rda | ||
| 082 | 0 | 0 | |a 227.81 |
| 100 | 1 | |a Ironside, H. A. | |
| 245 | 1 | 0 | |a Estudios sobre I y II Tesalonicenses |
| 260 | |b Clie. |c 1988. | ||
| 300 | |a 104 p. |c 21 cm. | ||
| 504 | |a Indice. | ||
| 630 | 4 | |a BIBLIA |x NUEVO TESTAMENTO |x COMENTARIOS | |
| 650 | 4 | |a I Y II TESALONICENSES (EPISTOLA) |x COMENTARIOS | |
| 942 | |c LIB |2 ddc | ||
| 945 | |0 nac | ||
| 952 | |0 0 |1 0 |4 0 |7 0 |9 2381 |a UNACH |b UNACH |c 200 |d 2007-03-05 |i 26.416. |l 5 |o 227.81 / Ir 71. |p 3380 |r 2024-06-28 00:00:00 |s 2018-08-21 |u 2381 |w 2012-08-08 |y LIB |k 227.81 / Ir 71. | ||
| 999 | |c 1652 |d 1652 | ||